Luha ng buwaya / (Record no. 10311)

MARC details
000 -LEADER
fixed length control field 00509nam a22001817a 4500
003 - CONTROL NUMBER IDENTIFIER
control field OSt
005 - DATE AND TIME OF LATEST TRANSACTION
control field 20260508000558.0
008 - FIXED-LENGTH DATA ELEMENTS--GENERAL INFORMATION
fixed length control field 260508b |||||||| |||| 00| 0 eng d
020 ## - INTERNATIONAL STANDARD BOOK NUMBER
International Standard Book Number 9715502520
040 ## - CATALOGING SOURCE
Original cataloging agency DWCL Main Lib.
Transcribing agency OC
082 ## - DEWEY DECIMAL CLASSIFICATION NUMBER
Classification number Prof. 899.211 H557c 1974
100 ## - MAIN ENTRY--PERSONAL NAME
Personal name Amado, Hernandez
245 ## - TITLE STATEMENT
Title Luha ng buwaya /
Statement of responsibility, etc. Hernandez Amado
260 ## - PUBLICATION, DISTRIBUTION, ETC.
Place of publication, distribution, etc. Quezon City:
Name of publisher, distributor, etc. ADMU Press,
Date of publication, distribution, etc. c1974
300 ## - PHYSICAL DESCRIPTION
Extent 334 pages;
Dimensions 18 cm.
650 ## - SUBJECT ADDED ENTRY--TOPICAL TERM
Topical term or geographic name entry element 1. Philippine Literature -- History.
942 ## - ADDED ENTRY ELEMENTS (KOHA)
Source of classification or shelving scheme Dewey Decimal Classification
Koha item type Professional Collections
Suppress in OPAC No
952 ## - LOCATION AND ITEM INFORMATION (KOHA)
--
Holdings
Withdrawn status Lost status Source of classification or shelving scheme Damaged status Not for loan Home library Current library Shelving location Date acquired Source of acquisition Total Checkouts Full call number Barcode Date last seen Copy number Price effective from Koha item type Uniform Resource Identifier
    Dewey Decimal Classification     Junior High School Library Junior High School Library Professional 09/22/2016 Library Fund   Prof. 899.211 H557c 1974 JHS - 19098 05/08/2026 c1 05/08/2026 PROF.